[Event "AUTO-OPEN-2947"]
[Site "http://www.queenalice.com/game.php?id=1256473"]
[Date "2014.2.14"]
[Round "3"]
[White "onasa"]
[Black "fontaine"]
[Result "0-1"]
[WhiteElo "1886"]
[BlackElo "2649"]

1. Nf3 d5 2. e3 Nf6 3. b3 c5 4. Bb2 Nc6 5. Bb5 e6 6. O-O Be7 7. Bxc6+ bxc6 8. d3
O-O 9. Nbd2 Qc7 10. Re1 Nd7 11. d4 cxd4 12. exd4 Bb7 13. c4 a5 14. Rc1 Qb6 15.
cxd5 cxd5 16. Qe2 a4 17. Rc3 Bb4 18. Re3 axb3 19. axb3 Ba6 20. Qd1 Nf6 21. Bc3
Ng4 22. Bxb4 Qxb4 23. Ne5 Nxe3 24. Rxe3 Qxd4 25. Nef3 Qb2 0-1

[Event "AUTO-ADV-3078"]
[Site "http://www.queenalice.com/game.php?id=1256995"]
[Date "2014.2.16"]
[Round "1"]
[White "worldwide"]
[Black "onasa"]
[Result "1-0"]
[WhiteElo "1842"]
[BlackElo "1873"]

1. Nf3 Nf6 2. g3 g6 3. Bg2 Bg7 4. d4 d5 5. O-O O-O 6. b3 c6 7. a4 Bf5 8. Nbd2
Qc8 9. c4 Bh3 10. Bxh3 Qc7 11. c5 Nbd7 12. b4 e5 13. Bxd7 Nxd7 14. Bb2 Rae8 15.
e4 dxe4 16. Nxe4 exd4 17. Nd6 Re7 18. Bxd4 1-0

[Event "AUTO-ADV-3078"]
[Site "http://www.queenalice.com/game.php?id=1256996"]
[Date "2014.2.16"]
[Round "1"]
[White "onasa"]
[Black "worldwide"]
[Result "0-1"]
[WhiteElo "1864"]
[BlackElo "1863"]

1. e4 e5 2. Nf3 Nc6 3. Bb5 Nge7 4. O-O a6 5. Ba4 Ng6 6. c3 b5 7. Bc2 d6 8. h3
Nf4 9. d4 Nxh3+ 10. gxh3 Bxh3 11. Re1 Bg4 12. Qd3 h5 13. Nh2 Qd7 14. d5 Ne7 15.
Qg3 Ng6 16. Bg5 f6 17. Be3 Ne7 18. Nd2 f5 19. Bg5 f4 20. Qh4 Ng6 0-1

[Event "AUTO-ADV-3078"]
[Site "http://www.queenalice.com/game.php?id=1257019"]
[Date "2014.2.16"]
[Round "1"]
[White "onasa"]
[Black "jahe"]
[Result "0-1"]
[WhiteElo "1884"]
[BlackElo "1726"]

1. d4 Nf6 2. Bg5 e6 3. Nd2 Be7 4. Ngf3 d5 5. e3 Nbd7 6. Bd3 b6 7. O-O O-O 8. c3
Bb7 9. Rc1 h6 10. Bxf6 Bxf6 11. Bb1 Be7 12. Qc2 f5 13. c4 Ba6 14. Rfe1 Nf6 15.
b3 c6 16. Ne5 Qe8 17. Qd1 c5 18. cxd5 Nxd5 19. Ndc4 Bf6 20. dxc5 bxc5 21. Nd6
Qe7 22. Nxf5 Qc7 23. Nf3 Rad8 24. N5d4 Qb6 25. Nxe6 Qxe6 26. Qc2 Nb4 27. Qxc5
Be7 28. Qe5 Qf6 29. Qe4 Bd3 30. Qb7 a5 31. Rc7 Rb8 32. Qa7 Nd5 0-1

[Event "AUTO-ADV-3078"]
[Site "http://www.queenalice.com/game.php?id=1257020"]
[Date "2014.2.16"]
[Round "1"]
[White "jahe"]
[Black "onasa"]
[Result "0-1"]
[WhiteElo "1760"]
[BlackElo "1859"]

1. e4 c5 2. Nf3 Nc6 3. Nc3 e5 4. Bc4 Be7 5. a3 Nf6 6. d3 O-O 7. Nd5 Nxd5 8. Bxd5
d6 9. O-O Bg4 10. h3 Bxf3 11. Qxf3 Nd4 12. Qg3 Bf6 13. Bxb7 Ne2+ 14. Kh2 Nxg3
15. fxg3 Rb8 16. Bd5 a5 17. b3 Bg5 18. Bb2 Qc7 19. Rf5 Bf6 20. Raf1 Qe7 21. g4
h6 22. a4 Rb7 23. Bxb7 Qxb7 24. Rh5 Bg5 25. h4 g6 0-1

[Event "AUTO-OPEN-3194"]
[Site "http://www.queenalice.com/game.php?id=1258741"]
[Date "2014.2.21"]
[Round "1"]
[White "Fischercat"]
[Black "onasa"]
[Result "1-0"]
[WhiteElo "1748"]
[BlackElo "1828"]

1. Nf3 Nf6 2. Nc3 d5 3. d4 Bg4 4. h3 Bh5 5. Bf4 c6 6. Nh4 e6 7. g4 Bg6 8. Nxg6
hxg6 9. Bg2 Bd6 10. Qd2 Qc7 11. Bxd6 Qxd6 12. O-O-O Nbd7 13. f4 Nb6 14. b3 O-O-O
15. e4 dxe4 16. Nxe4 Nxe4 17. Bxe4 f5 18. gxf5 gxf5 19. Bf3 Rh4 20. Qg2 Qxf4+
21. Kb1 g5 22. Rhe1 g4 23. hxg4 fxg4 24. Be2 Rxd4 25. Rxd4 Qxd4 26. Bd3 e5 27.
Qg3 Rh5 28. Rg1 1-0

[Event "AUTO-OPEN-3194"]
[Site "http://www.queenalice.com/game.php?id=1258742"]
[Date "2014.2.21"]
[Round "1"]
[White "onasa"]
[Black "Fischercat"]
[Result "1-0"]
[WhiteElo "1885"]
[BlackElo "1815"]

1. e4 e5 2. Nf3 d6 3. d4 Bg4 4. dxe5 Bxf3 5. Qxf3 dxe5 6. Bc4 Qf6 7. Qb3 b6 8.
O-O Bc5 9. Nc3 Nh6 10. Bxh6 gxh6 11. Nd5 Qd6 12. Rad1 Nd7 13. Ne3 Qf6 14. Nf5
Rg8 15. Kh1 Qg6 16. Qf3 Nf6 17. c3 Nh5 18. Bb5+ c6 19. Bxc6+ Kf8 20. Bxa8 Nf6
21. Bc6 1-0

[Event "AUTO-ADV-3099"]
[Site "http://www.queenalice.com/game.php?id=1264197"]
[Date "2014.3.12"]
[Round "1"]
[White "thw"]
[Black "onasa"]
[Result "1-0"]
[WhiteElo "1782"]
[BlackElo "1809"]

1. e4 c5 2. Nf3 Nc6 3. c3 d5 4. exd5 Qxd5 5. Bb5 e6 6. O-O Nf6 7. Re1 a6 8.
Bxc6+ Qxc6 9. d4 Bd6 10. Bg5 Nd7 11. d5 Qc7 12. dxe6 Ne5 13. Nxe5 Bxe5 14. Rxe5
f6 15. Bxf6 gxf6 16. Qh5+ Kf8 17. Rxc5 Qe7 18. Nd2 Qxe6 19. Nf3 Qf7 20. Qxf7+
1-0

[Event "AUTO-ADV-3099"]
[Site "http://www.queenalice.com/game.php?id=1264198"]
[Date "2014.3.12"]
[Round "1"]
[White "onasa"]
[Black "thw"]
[Result "0-1"]
[WhiteElo "1862"]
[BlackElo "1763"]

1. e4 c5 2. Nf3 d6 3. d4 Nf6 4. Nc3 cxd4 5. Nxd4 a6 6. Bg5 e6 7. Be2 Be7 8. O-O
O-O 9. Kh1 h6 10. Be3 b5 11. a3 Bb7 12. f3 Nc6 13. Qe1 Ne5 14. b3 Rc8 15. Qd2
Qc7 16. Na2 d5 17. exd5 Nxd5 0-1

[Event "AUTO-ADV-3099"]
[Site "http://www.queenalice.com/game.php?id=1264211"]
[Date "2014.3.12"]
[Round "1"]
[White "Canaye"]
[Black "onasa"]
[Result "1-0"]
[WhiteElo "1898"]
[BlackElo "1788"]

1. d4 Nf6 2. c4 g6 3. Nc3 d5 4. cxd5 Nxd5 5. e4 Nxc3 6. bxc3 Bg7 7. Nf3 c5 8.
Bb5+ Bd7 9. Bxd7+ Qxd7 10. d5 Bxc3+ 11. Bd2 Bg7 12. Rc1 b6 13. O-O O-O 14. Bf4
Na6 15. Re1 Rfd8 16. Qe2 Rac8 17. Ne5 Bxe5 18. Bxe5 f6 19. Bc3 Nc7 20. Rcd1 Ne8
21. Qf3 Qd6 22. e5 fxe5 23. Bxe5 Qd7 24. Qc3 Qf5 25. d6 Nxd6 26. Bh8 Qf7 27. Rd3
Ne8 28. Rxd8 Rxd8 29. Be5 1-0

[Event "AUTO-ADV-3099"]
[Site "http://www.queenalice.com/game.php?id=1264212"]
[Date "2014.3.12"]
[Round "1"]
[White "onasa"]
[Black "Canaye"]
[Result "0-1"]
[WhiteElo "1842"]
[BlackElo "1899"]

1. e4 e6 2. d4 d5 3. exd5 exd5 4. Nf3 Bg4 5. Be2 c5 6. O-O Nf6 7. Nbd2 c4 8. c3
Bd6 9. Re1 O-O 10. h3 Bh5 11. Nf1 Nc6 12. Bg5 h6 13. Bxf6 Qxf6 14. Qc2 Bg6 15.
Qd2 Rfe8 16. Ne3 Bf4 17. Bf1 Be4 18. Nh2 Qg5 19. Rad1 Re7 20. b3 cxb3 21. axb3
Rae8 22. Bd3 Bxd3 23. Qxd3 Bxe3 24. fxe3 Rxe3 0-1

[Event "AUTO-ADV-3099"]
[Site "http://www.queenalice.com/game.php?id=1264221"]
[Date "2014.3.12"]
[Round "1"]
[White "onasa"]
[Black "ratorei"]
[Result "0-1"]
[WhiteElo "1737"]
[BlackElo "2199"]

1. Nf3 Nf6 2. b3 d5 3. Bb2 Bg4 4. e3 e6 5. Be2 Be7 6. O-O O-O 7. d3 c5 8. Nbd2
Nc6 9. Rc1 Nd7 10. h3 Bh5 11. Re1 e5 12. c4 Bxf3 13. Bxf3 Nb4 14. Qe2 Nxa2 15.
Ra1 Nb4 16. Rec1 f6 17. cxd5 Nb6 18. Nc4 N6xd5 19. e4 Nf4 0-1

[Event "AUTO-ADV-3099"]
[Site "http://www.queenalice.com/game.php?id=1264222"]
[Date "2014.3.12"]
[Round "1"]
[White "ratorei"]
[Black "onasa"]
[Result "1-0"]
[WhiteElo "1999"]
[BlackElo "1898"]

1. d4 Nf6 2. c4 g6 3. Nc3 d5 4. cxd5 Nxd5 5. e4 Nxc3 6. bxc3 Bg7 7. Nf3 c5 8.
Bd3 Bg4 9. O-O cxd4 10. cxd4 Bxf3 11. Qxf3 Bxd4 12. Rb1 Qc8 13. Bh6 Nd7 14. Rfc1
Qd8 15. Rxb7 1-0